Hiszpańskie miasta - nagła śmierć - Statystyki

Ogólne statystyki
  • Ten quiz został rozwiązany 275 razy
  • Średni wynik to 12 z 14
Answers on the Grid
Answers color-coded by a green-red scale on the quiz's grid according to % correct below.
Mediolan
Barcelona
Madryt
Porto
Bilbao
Las Palmas
Hamburg
Sewilla
Dijon
Marsylia
Walencja
Stuttgart
Grenada
Bolonia
San Sebastian
Lizbona
Saragossa
Bordeaux
Strasburg
Valladolid
Braga
Oviedo
Werona
Girona
Elche
Bochum
Gijon
Palermo
 
Statystyki odpowiedzi
Odpowiedź % Poprawnych
Barcelona
98%
Madryt
98%
Bilbao
97%
Sewilla
96%
Las Palmas
90%
Grenada
87%
Walencja
86%
Saragossa
84%
Valladolid
81%
Girona
80%
San Sebastian
80%
Oviedo
79%
Elche
75%
Gijon
71%
Nie znaleziono quizów pasujących do podanych kryteriów
Rozkład punktacji
Procent ludzi z każdym wynikiem
Percentyl według liczby udzielonych odpowiedzi
Twoja historia wyników
Nie rozwiązałeś tego quizu